Studies in Agrarian Social Structure (Record no. 1848630)

MARC details
000 -LEADER
fixed length control field 00956nam a22001937a 4500
003 - CONTROL NUMBER IDENTIFIER
control field OSt
005 - DATE AND TIME OF LATEST TRANSACTION
control field 20260429114514.0
008 - FIXED-LENGTH DATA ELEMENTS--GENERAL INFORMATION
fixed length control field 260429b |||||||| |||| 00| 0 eng d
040 ## - CATALOGING SOURCE
Original cataloging agency RTL
Transcribing agency RTL
084 ## - COLON CLASSIFICATION NUMBER
Classification number X9(J):(Y).2.N7 L4/TD
Assigning agency RTL
100 ## - MAIN ENTRY--PERSONAL NAME
Personal name Beteille, Andre
245 ## - TITLE STATEMENT
Title Studies in Agrarian Social Structure
260 ## - PUBLICATION, DISTRIBUTION, ETC.
Place of publication, distribution, etc. Delhi
Name of publisher, distributor, etc. Oxford University Press
Date of publication, distribution, etc. 1974
300 ## - PHYSICAL DESCRIPTION
Other physical details Includes bibliographical references and index
520 ## - SUMMARY, ETC.
Summary, etc. Studies in Agrarian Social Structure (1974) by André Béteille is a seminal work examining the organization of land, labor, and social hierarchy in rural India. It analyzes agrarian systems as a network of relationships between landowners, tenants, and labourers, deeply influenced by caste, class, and colonial-era land tenure systems like Zamindari and Ryotwari
650 ## - SUBJECT ADDED ENTRY--TOPICAL TERM
Topical term or geographic name entry element Agriculture
650 ## - SUBJECT ADDED ENTRY--TOPICAL TERM
Topical term or geographic name entry element Social Structure
9 (RLIN) 702951
942 ## - ADDED ENTRY ELEMENTS (KOHA)
Source of classification or shelving scheme Colon Classification (CC)
Suppress in OPAC No
Koha item type Textbook
Classification part X9(J):(Y).2.N7 L4/TD
Holdings
Withdrawn status Lost status Source of classification or shelving scheme Damaged status Not for loan Home library Current library Date acquired Total Checkouts Full call number Barcode Date last seen Price effective from Koha item type
    Colon Classification (CC)     Ratan Tata Library Ratan Tata Library 2026-04-29   X9(J):()Y).2.N7 L4/TD RT0490603 2026-04-29 2026-04-29 Textbook
Copyright @ Delhi University Library System